American holocaust : Columbus and the conquest of the New World
Αποθηκεύτηκε σε:
| Κύριος συγγραφέας: | |
|---|---|
| Μορφή: | Βιβλίο |
| Γλώσσα: | English |
| Δημοσίευση: |
New York and Oxford :
Oxford University Press,
1992
|
| Θέματα: | |
| Ετικέτες: |
Προσθήκη ετικέτας
Δεν υπάρχουν, Καταχωρήστε ετικέτα πρώτοι!
|
MARC
| LEADER | 00000nam a2200000 i 4500 | ||
|---|---|---|---|
| 001 | 1/6140 | ||
| 008 | 960624s1992 eng d | ||
| 020 | |a 0-19-507581-1 | ||
| 035 | |l 10016250 | ||
| 040 | |a GR-MY-UA |b gre |e aacr | ||
| 041 | 0 | |a eng | |
| 082 | 0 | |a 970.015 | |
| 100 | 1 | |a Stannard, David E. | |
| 245 | 1 | 0 | |a American holocaust : |b Columbus and the conquest of the New World / |c David E. Stannard |
| 260 | |a New York and Oxford : |b Oxford University Press, |c 1992 | ||
| 300 | |a 358 p. |b ill. | ||
| 504 | |a Includes bibliographical references and index. | ||
| 600 | 1 | 0 | |a Columbus Christopher |x Influence. |
| 650 | 0 | 0 | |a Indians, Treatment of. |
| 650 | 0 | 0 | |a Indians |x First contact with Europeans. |
| 651 | 0 | |a America |x Discovery and exploration |x Spanish. | |
| 852 | |a INST |b LESVOS |e 19960624 |h 970.015 STA |p 005100009831 |q 005100009831 |t BK |y 0 | ||
| 909 | |a Λ |b 044417 | ||